| 000 | 00364nam a2200145 a 4500 | ||
|---|---|---|---|
| 001 | 1696 | ||
| 003 | CDMR | ||
| 005 | 20130116135213.0 | ||
| 008 | 130130s1999||||||||||||||||||||||||||||d | ||
| 040 |
_aCDMR _bcat _cCPC GIRONA |
||
| 100 | 1 |
_aPalahÃ, Manel _91085 |
|
| 245 | 1 | 0 |
_aInstants _cPalahÃ, Manel |
| 260 |
_c1999 _bCasa de Cultura les Bernades de Salt |
||
| 942 | _cMON | ||
| 999 |
_c1696 _d1696 |
||